| 000 | 00911nam a22003137a 4500 | ||
|---|---|---|---|
| 001 | BR2016002243 | ||
| 003 | BR-BrBNA | ||
| 005 | 20230928104857.0 | ||
| 007 | ta | ||
| 008 | 230509b bl.||||| |||| 00| 0 por d | ||
| 040 |
_aBR-BrBNA _bpor _cBiblioteca Nacional de Agricultura |
||
| 041 | _a(Por) | ||
| 072 |
_aL01; E14 _b5218 |
||
| 090 | _ 5218 BR2016002243 | ||
| 100 | 1 | _aSilva, M.F.P. da (ed.) | |
| 100 | 1 | _aAlmeida, J.L. de | |
| 100 | 1 | _aBraga, J.C. de Deus | |
| 110 | 1 | _aServiço Nacional de Aprendizagem Rural, Brasília, DF (Brasil) | |
| 245 | 1 | _aCaderno do produtor: assistência técnica e gerencial | |
| 260 | 3 |
_aBrasília, DF (Brasil): _c2015. |
|
| 300 | _a193 p. | ||
| 500 | _a28 illus.; 12 graphs.; 145 tables | ||
| 650 | _aBOVINOCULTURA | ||
| 650 | _aGADO LEITEIRO | ||
| 650 | _aCONTROLE LEITEIRO | ||
| 650 | _aPRODUTOR | ||
| 909 |
_a202309 _bLucia _c55 _dLucia Elande |
||
| 942 | _cBK | ||
| 999 |
_c82224 _d82224 |
||